Gaming Quiz

Random Gaming or Video Games Quiz

Video Games by T-Shirt Quiz Stats

 Plays Quiz Updated May 19, 2019

Score 0/20 Timer 05:00
0 Plays Today
Hint Answer % Correct
Super Mario Bros.
95.6%
Sonic the Hedgehog
95.6%
Pokémon
94.9%
Tetris
90.7%
Pac-Man
89.9%
Pong
84.8%
Mortal Kombat
83.8%
Tomb Raider
81%
Space Invaders
79.6%
Megaman
76.5%
Hint Answer % Correct
Fallout
75.3%
The Legend of Zelda
74.4%
Duck Hunt
74.1%
The Sims
72.2%
Portal
70.8%
Assassin's Creed
64.1%
Half-Life
61.2%
Cuphead
54.1%
Elder Scrolls
53.4%
Doom
51.5%

You're not logged in!

Compare scores with friends on all Sporcle quizzes.
OR
Log In

Show Comments

Extras

Top Quizzes Today


Score Distribution

Your Account Isn't Verified!

In order to create a playlist on Sporcle, you need to verify the email address you used during registration. Go to your Sporcle Settings to finish the process.

Report this User

Report this user for behavior that violates our Community Guidelines.

Details: